000 00990nam a22002417a 4500
005 20240305165406.0
007 cr|||| ||||
008 130308e2009 mx |||||s|||| 00||0 spa d
035 _a7390
040 _avLex
090 _c3866
_d3866
100 1 0 _aMartínez-Bastida, Eduardo
245 1 0 _aIntroducción a los Procesos Orales en Materia Penal
_c/ Eduardo Martínez-Bastida
_h[Recurso electrónico]
250 _a2a ed.
256 _aServicio en línea
260 _aCoyoacán :
_bRaúl Juárez Carro Editorial,
_c2009
300 _a1 Recurso electrónico
506 _dvLex Global
_dvLex Global (Academic Edition, excluding Law Schools)
_dvLex Global (U.S. Academic Edition, Law Schools)
_dvLex Global (U.S. Academic Edition, excluding Law Schools)
_dvLex Global (Academic Edition, Law Schools)
650 0 4 _aProcedimiento penal
_zMéxico
740 _avLex Libros (Servicio en línea)
856 _aAcceso restringido
_uhttp://www.vlex.com/source/7390
942 _cRAA
999 _c162246
_d162246